Slogan - trò chơi băng reo

Gardado en:
Detalles Bibliográficos
Autor Principal: Trần, Nhiều (Sưu tầm)
Formato: Libro
Publicado: Hà Nội Thanh niên 2008
Những chủ đề:
Các nhãn: Engadir etiqueta
Sen Etiquetas, Sexa o primeiro en etiquetar este rexistro!
Thư viện lưu trữ: Trung tâm Học liệu Lê Vũ Hùng, Trường Đại học Đồng Tháp
LEADER 00899pam a22003018a 4500
001 00037190
005 20171026081025.0
008 170510s2008 ||||||Viesd
041 0 # |a Vie 
082 1 4 |a 796.54  |b SL400TR 
100 1 # |a Trần, Nhiều  |e Sưu tầm 
245 1 0 |a Slogan - trò chơi băng reo  |c Trần Nhiều 
260 # # |a Hà Nội  |c 2008  |b Thanh niên 
300 # # |a 175tr.  |c 29 cm. 
653 # # |a Hoạt náo 
653 # # |a Hoạt động 
653 # # |a Trò chơi 
653 # # |a Sinh hoạt 
852 # # |b Kho mượn  |j KM.0021136, KM.0021137, KM.0021138, KM.0021139 
852 # # |j KM.0021138  |j KD.0020003  |j KM.0021136  |j KM.0021137  |j KM.0021139 
852 # # |b Kho đọc  |j KD.0020003 
910 |d 10/05/2017 
980 # # |a Trung tâm Học liệu Lê Vũ Hùng, Trường Đại học Đồng Tháp